000 00441pab a2200169 454500
008 180718b2001 xxu||||| |||| 00| 0 eng d
100 _aAkshey Kumar
245 _aObligations of the police/security forces leadership in the protection of human rights
260 _c2001
300 _ap.28-31
362 _aJul-Sep
650 _aHuman rights
650 _aLeadership
650 _aPolice
773 _aIndia Quarterly
909 _a51726
999 _c51726
_d51726